[Event "AUT-ch Vor4 Internet"]
[Site "Playchess.com INT"]
[Date "2020.04.25"]
[Round "2"]
[White "Werdecker, Roland"]
[Black "Ehs, Dominik"]
[Result "1-0"]
[WhiteElo "1960"]
[BlackElo "2070"]
[PlyCount "107"]
[EventDate "2020.04.25"]
[EventType "swiss (blitz)"]
[EventRounds "9"]
[EventCountry "AUT"]
[SourceTitle "EXT 2021"]
[Source "ChessBase"]
[SourceDate "2020.10.23"]
[SourceVersion "1"]
[SourceVersionDate "2020.10.23"]
[SourceQuality "1"]

1. d4 Nf6 2. Nf3 g6 3. g3 Bg7 4. Bg2 0-0 5. 0-0 d6 6. c4 Nbd7 7. Nc3 e5 8. dxe5 dxe5 9. e4 c6 10. Qe2 Qe7 11. Rd1 Nc5 12. b4 Na6 13. a3 Nd7 14. Ra2 h6 15. Be3 f5 16. exf5 gxf5 17. Rad2 e4 18. Nd4 Ne5 19. Na4 Ng4 20. Bf4 Ne5 21. c5 Be6 22. Bxe5 Bxe5 23. Nxe6 Qxe6 24. Nb2 Nc7 25. Nc4 Nd5 26. Nxe5 Qxe5 27. Qh5 Qg7 28. Bf1 Qg5 29. Qxg5+ hxg5 30. Bc4 a5 31. Bxd5+ cxd5 32. b5 Rac8 33. Rxd5 Rc7 34. h4 gxh4 35. gxh4 Rg7+ 36. Kf1 Rg4 37. Rd7 Rxh4 38. Rxb7 f4 39. Ke2 Rh2 40. c6 e3 41. c7 Rxf2+ 42. Kd3 e2 43. Rg1+ Kh8 44. Rb8 Rf3+ 45. Kxe2 Re3+ 46. Kd2 Ree8 47. Rxe8 Rxe8 48. Rc1 Rc8 49. b6 f3 50. b7 Rxc7 51. Rxc7 f2 52. Ke2 f1Q+ 53. Kxf1 a4 54. b8Q# 1-0

[Event "AUT-ch Vor4 Internet"]
[Site "Playchess.com INT"]
[Date "2020.04.25"]
[Round "5"]
[White "Werdecker, Roland"]
[Black "Peyrer, Konstantin"]
[Result "1-0"]
[WhiteElo "1960"]
[BlackElo "2265"]
[PlyCount "55"]
[EventDate "2020.04.25"]
[EventType "swiss (blitz)"]
[EventRounds "9"]
[EventCountry "AUT"]
[SourceTitle "EXT 2021"]
[Source "ChessBase"]
[SourceDate "2020.10.23"]
[SourceVersion "1"]
[SourceVersionDate "2020.10.23"]
[SourceQuality "1"]

1. d4 Nf6 2. Nf3 b5 3. g3 Bb7 4. Bg2 g6 5. 0-0 Bg7 6. Nbd2 0-0 7. Re1 c5 8. dxc5 Na6 9. Nb3 Ne4 10. Qd3 Naxc5 11. Nxc5 Nxc5 12. Qxb5 d6 13. c3 Qc7 14. Qc4 Rfc8 15. Qh4 Rab8 16. Rd1 Ba6 17. Nd4 Rb6 18. Bf3 e5 19. Nb3 Ne6 20. Be3 Rbb8 21. Qa4 Bc4 22. Qxa7 f5 23. Qxc7 Rxc7 24. Rxd6 e4 25. Bg2 Bf8 26. Rb6 Rxb6 27. Bxb6 Rb7 28. Na5 1-0

[Event "AUT-ch Vor3 Internet"]
[Site "Playchess.com INT"]
[Date "2020.04.17"]
[Round "1"]
[White "Goelles, Herbert"]
[Black "Werdecker, Roland"]
[Result "1-0"]
[WhiteElo "1705"]
[BlackElo "1960"]
[PlyCount "57"]
[EventDate "2020.04.17"]
[EventType "swiss (blitz)"]
[EventRounds "9"]
[EventCountry "AUT"]
[SourceTitle "CBM 195 Extra"]
[Source "ChessBase"]
[SourceDate "2020.05.31"]
[SourceVersion "1"]
[SourceVersionDate "2020.05.31"]
[SourceQuality "1"]

1. f4 d5 2. Nf3 c5 3. g3 Nc6 4. Bg2 Nf6 5. 0-0 Qc7 6. d3 e5 7. fxe5 Nxe5 8. Nc3 Nxf3+ 9. exf3 Be6 10. Bf4 Qb6 11. Na4 Qc6 12. c4 b5 13. cxb5 Qxb5 14. Re1 Be7 15. Qc2 0-0 16. Rac1 Rac8 17. Nc3 Qb6 18. Kh1 c4 19. dxc4 Rxc4 20. Qe2 Bb4 21. Red1 Rfc8 22. Na4 Qa5 23. b3 Rxc1 24. Rxc1 Rxc1+ 25. Bxc1 Qc7 26. Bb2 Nd7 27. Qd3 Nb6 28. Qd4 Nxa4 29. Qxg7# 1-0

[Event "AUT-ch Vor3 Internet"]
[Site "Playchess.com INT"]
[Date "2020.04.17"]
[Round "5"]
[White "Hiermann, Dietmar"]
[Black "Werdecker, Roland"]
[Result "0-1"]
[WhiteElo "2250"]
[BlackElo "1960"]
[PlyCount "64"]
[EventDate "2020.04.17"]
[EventType "swiss (blitz)"]
[EventRounds "9"]
[EventCountry "AUT"]
[SourceTitle "CBM 195 Extra"]
[Source "ChessBase"]
[SourceDate "2020.05.31"]
[SourceVersion "1"]
[SourceVersionDate "2020.05.31"]
[SourceQuality "1"]

1. e4 d5 2. exd5 Nf6 3. d4 Qxd5 4. c4 Qa5+ 5. Nc3 Ne4 6. Nge2 e5 7. Be3 Bd6 8. a3 exd4 9. Qxd4 Nxc3 10. Nxc3 Nc6 11. Qxg7 Be5 12. Qxh8+ Bxh8 13. Rc1 Bf5 14. Be2 0-0-0 15. 0-0 Nd4 16. Bh5 Be6 17. Nd5 Bxd5 18. cxd5 Qxd5 19. Bxd4 Bxd4 20. Bf3 Qb3 21. Rb1 Bxb2 22. Be4 h6 23. h3 Qxa3 24. Bf3 c5 25. Rfe1 c4 26. Re2 c3 27. Be4 b5 28. Rc2 b4 29. Kh2 Rd2 30. Rbxb2 Qxb2 31. Rxb2 Rxb2 32. Kg3 b3 0-1

[Event "AUT-ch Vor3 Internet"]
[Site "Playchess.com INT"]
[Date "2020.04.17"]
[Round "4"]
[White "Werdecker, Roland"]
[Black "Keim, Philipp"]
[Result "0-1"]
[WhiteElo "1960"]
[BlackElo "1926"]
[PlyCount "164"]
[EventDate "2020.04.17"]
[EventType "swiss (blitz)"]
[EventRounds "9"]
[EventCountry "AUT"]
[SourceTitle "CBM 195 Extra"]
[Source "ChessBase"]
[SourceDate "2020.05.31"]
[SourceVersion "1"]
[SourceVersionDate "2020.05.31"]
[SourceQuality "1"]

1. d4 c6 2. Nf3 d5 3. g3 Nf6 4. Bg2 Bf5 5. 0-0 e6 6. Nbd2 Bd6 7. c4 0-0 8. Qb3 Qb6 9. Qxb6 axb6 10. a3 Nbd7 11. Nh4 Bg6 12. Nxg6 hxg6 13. cxd5 exd5 14. Nf3 b5 15. Bg5 Ne4 16. Be3 Nb6 17. Nd2 Nf6 18. h3 Rfe8 19. Rfe1 Bxg3 20. fxg3 Rxe3 21. Kf2 Rae8 22. Nf1 R3e7 23. b3 Ne4+ 24. Bxe4 Rxe4 25. e3 Nc8 26. a4 bxa4 27. Rxa4 Nd6 28. Ra7 R8e7 29. Nd2 R4e6 30. Ra8+ Kh7 31. Nf1 Nb5 32. Raa1 g5 33. Rac1 f5 34. Nh2 Kg6 35. Nf3 Kf6 36. Ne5 Na7 37. Ra1 Nc8 38. Ra8 Re8 39. Nd7+ Kg6 40. Nc5 Nd6 41. Rxe8 Rxe8 42. Ra1 Kf6 43. Ra7 Re7 44. Ra8 Kf7 45. Rb8 g6 46. Rd8 Nb5 47. Rd7 Rxd7 48. Nxd7 Ke6 49. Ne5 Kf6 50. Nd7+ Ke6 51. Nc5+ Kd6 52. Nxb7+ Kc7 53. Nc5 Nd6 54. Ne6+ Kd7 55. Nf8+ Ke7 56. Nxg6+ Kf6 57. Ne5 Ne4+ 58. Kg2 Nd2 59. b4 Nc4 60. Nxc6 Nxe3+ 61. Kf3 Nc4 62. b5 Ke6 63. Nb4 Kd6 64. Nd3 Nd2+ 65. Ke3 Nc4+ 66. Kf3 Na3 67. h4 gxh4 68. gxh4 Nxb5 69. Ke3 Ke6 70. h5 Kf6 71. Nf4 Kg5 72. Nxd5 Kxh5 73. Nf4+ Kg5 74. d5 Kf6 75. Kd3 Ke5 76. Kc4 Nd6+ 77. Kc5 Ne4+ 78. Kc6 Kxf4 79. d6 Nxd6 80. Kxd6 Ke3 81. Kd5 f4 82. Ke5 f3 0-1

[Event "AUT-ch Vor2 Internet"]
[Site "Playchess.com INT"]
[Date "2020.04.13"]
[Round "4"]
[White "Werdecker, Roland"]
[Black "Meglitsch, Konstantin"]
[Result "0-1"]
[WhiteElo "1960"]
[BlackElo "2041"]
[PlyCount "122"]
[EventDate "2020.04.13"]
[EventType "swiss (blitz)"]
[EventRounds "9"]
[EventCountry "AUT"]
[SourceTitle "CBM 195 Extra"]
[Source "ChessBase"]
[SourceDate "2020.05.31"]
[SourceVersion "1"]
[SourceVersionDate "2020.05.31"]
[SourceQuality "1"]

1. d4 Nf6 2. Nf3 g6 3. g3 Bg7 4. Bg2 0-0 5. 0-0 d5 6. Nbd2 c5 7. dxc5 Nc6 8. c4 Bg4 9. Qb3 Qd7 10. cxd5 Nxd5 11. Rd1 Ndb4 12. a3 Na6 13. Ne4 Qc8 14. Be3 Bf5 15. Nh4 Be6 16. Qc2 Nc7 17. Ng5 Bf5 18. Nxf5 gxf5 19. Rac1 h6 20. Nf3 e6 21. b4 a5 22. Qc4 axb4 23. axb4 Ra4 24. Bd2 Nd5 25. Qb3 Qa8 26. b5 Ra3 27. Qb1 Nce7 28. Rc4 Ng6 29. Kh1 Qb8 30. Nd4 f4 31. Nxe6 fxe6 32. Qxg6 Rf6 33. Qh5 Qf8 34. Bxd5 exd5 35. Qxd5+ Kh8 36. c6 bxc6 37. bxc6 fxg3 38. hxg3 Rxf2 39. Rg1 Ra8 40. c7 Rc8 41. Bb4 Qe8 42. Bd6 Rxe2 43. Rh4 Re6 44. Rg2 Qd7 45. Rgh2 Qxd6 46. Qxd6 Rxd6 47. Rc4 Rd7 48. Rhc2 Be5 49. Kg2 Rcxc7 50. Rxc7 Rxc7 51. Re2 Bf6 52. Re6 Kg7 53. Kh3 Kg6 54. Ra6 Rc3 55. Kg4 Rc4+ 56. Kf3 h5 57. Rb6 Kf5 58. Rb5+ Be5 59. Kg2 Rc3 60. Ra5 Rxg3+ 61. Kh2 Ra3+ 0-1

[Event "Schwarzach op-B 18th"]
[Site "Salzburg"]
[Date "2003.08.28"]
[Round "6.4"]
[White "Schmeltz, Gerd"]
[Black "Werdecker, Roland"]
[Result "0-1"]
[WhiteElo "1947"]
[BlackElo "1937"]
[PlyCount "88"]
[EventDate "2003.08.23"]
[EventType "swiss"]
[EventRounds "9"]
[EventCountry "AUT"]
[SourceTitle "EXT 2004"]
[Source "ChessBase"]
[SourceDate "2003.11.25"]
[SourceVersion "1"]
[SourceVersionDate "2003.11.25"]
[SourceQuality "1"]

1. e4 c6 2. c4 d5 3. exd5 cxd5 4. d4 Nf6 5. Nc3 e6 6. c5 Be7 7. Bf4 0-0 8. Nf3 Qa5 9. Bd3 Ne4 10. Qc2 f5 11. Bxb8 Rxb8 12. 0-0 Bf6 13. Rab1 Ng5 14. Nxg5 Bxg5 15. b4 Qd8 16. b5 Qf6 17. Ne2 f4 18. f3 h5 19. Bg6 h4 20. h3 e5 21. dxe5 Qxe5 22. Bh5 Bf5 23. Qb2 Qe3+ 24. Kh2 Bf6 25. Qb3 Qxe2 26. Rbe1 Qc4 27. Rc1 Qxb3 28. axb3 g6 29. Bg4 Bxg4 30. hxg4 Rbc8 31. Rfd1 Rfd8 32. b4 a6 33. bxa6 bxa6 34. c6 Rc7 35. Rd3 Rd6 36. Rc5 g5 37. Rdxd5 Rxd5 38. Rxd5 Rxc6 39. Rd7 Rb6 40. Kg1 Rxb4 41. Rd6 Kf7 42. Rxa6 Bd4+ 43. Kh2 Rb1 44. Kh3 Rh1# 0-1

[Event "Schwarzach op-B 18th"]
[Site "Salzburg"]
[Date "2003.08.27"]
[Round "5.4"]
[White "Werdecker, Roland"]
[Black "Pruesse, Horst"]
[Result "1/2-1/2"]
[WhiteElo "1937"]
[BlackElo "1912"]
[PlyCount "49"]
[EventDate "2003.08.23"]
[EventType "swiss"]
[EventRounds "9"]
[EventCountry "AUT"]
[SourceTitle "EXT 2004"]
[Source "ChessBase"]
[SourceDate "2003.11.25"]
[SourceVersion "1"]
[SourceVersionDate "2003.11.25"]
[SourceQuality "1"]

1. d4 c5 2. d5 e5 3. c4 d6 4. Nc3 a6 5. a4 g6 6. e4 Bg7 7. Bd3 Ne7 8. Nge2 0-0 9. 0-0 f5 10. f3 Nd7 11. Qe1 h6 12. Nd1 f4 13. Rb1 a5 14. Nec3 Nf6 15. Nb5 g5 16. b3 Ng6 17. Qf2 b6 18. Re1 Rf7 19. Kf1 Nh5 20. Ke2 g4 21. fxg4 Bxg4+ 22. Kd2 Bf6 23. Rf1 Qe7 24. Kc3 Raf8 25. Qg1 1/2-1/2

[Event "Schwarzach op-B 18th"]
[Site "Salzburg"]
[Date "2003.08.26"]
[Round "4.6"]
[White "Marte, Stefan"]
[Black "Werdecker, Roland"]
[Result "0-1"]
[WhiteElo "1806"]
[BlackElo "1937"]
[PlyCount "106"]
[EventDate "2003.08.23"]
[EventType "swiss"]
[EventRounds "9"]
[EventCountry "AUT"]
[SourceTitle "EXT 2004"]
[Source "ChessBase"]
[SourceDate "2003.11.25"]
[SourceVersion "1"]
[SourceVersionDate "2003.11.25"]
[SourceQuality "1"]

1. e4 d5 2. exd5 Nf6 3. Nc3 Nxd5 4. Nxd5 Qxd5 5. Qf3 Qe5+ 6. Qe3 Nc6 7. Nf3 Qxe3+ 8. dxe3 Nb4 9. Bb5+ Bd7 10. Bxd7+ Kxd7 11. Kd1 f6 12. a3 Nc6 13. Nd4 e5 14. Nxc6 Kxc6 15. e4 Bc5 16. Ke2 Rhd8 17. Be3 Rd7 18. Rhd1 Rad8 19. Rd3 Rxd3 20. cxd3 Bxe3 21. Kxe3 b5 22. Rd1 Rd4 23. b3 a5 24. g4 Kd6 25. h4 c5 26. Rb1 Kc6 27. Rb2 h6 28. f3 a4 29. b4 cxb4 30. axb4 Rd8 31. h5 Kb6 32. Kd2 Rc8 33. Ra2 Rc6 34. Ra1 Kc7 35. Rf1 Ra6 36. Kc3 Rc6+ 37. Kd2 Kd7 38. Rg1 Ke7 39. Rf1 Kf7 40. Rg1 g6 41. Rf1 gxh5 42. gxh5 Rc8 43. f4 exf4 44. Rxf4 a3 45. Rf1 a2 46. Ra1 Ra8 47. Ke3 Ra4 48. Kd4 Rxb4+ 49. Kc5 Ra4 50. Kxb5 Ra8 51. Kc5 Ke6 52. Kd4 Ra3 53. Ke3 Ke5 0-1

[Event "Schwarzach op-B 18th"]
[Site "Salzburg"]
[Date "2003.08.25"]
[Round "2.6"]
[White "Wolf, Reinhard"]
[Black "Werdecker, Roland"]
[Result "0-1"]
[WhiteElo "1771"]
[BlackElo "1937"]
[PlyCount "76"]
[EventDate "2003.08.23"]
[EventType "swiss"]
[EventRounds "9"]
[EventCountry "AUT"]
[SourceTitle "EXT 2004"]
[Source "ChessBase"]
[SourceDate "2003.11.25"]
[SourceVersion "1"]
[SourceVersionDate "2003.11.25"]
[SourceQuality "1"]

1. d4 Nf6 2. c4 g6 3. Nc3 Bg7 4. e4 d6 5. f3 0-0 6. Be3 Nc6 7. Qd2 b6 8. 0-0-0 a6 9. g4 Na7 10. Bh6 b5 11. Bxg7 Kxg7 12. Kb1 c6 13. e5 dxe5 14. dxe5 Nd7 15. h4 h6 16. Bh3 Qc7 17. f4 Nb6 18. c5 Nc4 19. Qf2 b4 20. Na4 Qa5 21. b3 Nb5 22. Ne2 Nc3+ 23. Nexc3 bxc3 24. Rc1 Na3+ 25. Ka1 c2 26. f5 Rd8 27. f6+ exf6 28. Kb2 Rb8 29. Kxa3 fxe5 30. Qxc2 Qb4+ 31. Kb2 Rd2 32. Rcd1 Rxc2+ 33. Kxc2 Qe4+ 34. Kc3 Bxg4 35. Bxg4 Qxg4 36. Nb6 e4 37. Nd7 Rd8 38. Ne5 Qg3+ 0-1